Horas del espíritu en pie (Record no. 123654)

MARC details
000 -LEADER
campo de control de longitud fija 00493nam a2200181 4500
001 - NÚMERO DE CONTROL
campo de control 123654
003 - IDENTIFICADOR DE NÚMERO DE CONTROL
campo de control ES-MaACL
005 - FECHA Y HORA DE LA ÚLTIMA TRANSACCIÓN
campo de control 20230906192220.0
007 - CAMPO FIJO DE DESCRIPCIÓN FÍSICA--INFORMACIÓN GENERAL
campo de control de longitud fija t|
008 - DATOS DE LONGITUD FIJA--INFORMACIÓN GENERAL
campo de control de longitud fija 070214s1950 sp |||| | spa d
100 1# - ENTRADA PRINCIPAL--NOMBRE DE PERSONA
Nombre de persona Raida, Pedro.
9 (RLIN) 95023
245 10 - MENCIÓN DEL TÍTULO
Título Horas del espíritu en pie
Resto del título ; Todo amor /
Mención de responsabilidad, etc. Pedro Raida.
260 ## - PUBLICACIÓN, DISTRIBUCIÓN, ETC.
Lugar de publicación, distribución, etc. Madrid :
Nombre del editor, distribuidor, etc. [s. n.],
Fecha de publicación, distribución, etc. 1950 (
Fabricante Gráf. Uguina)
300 ## - DESCRIPCIÓN FÍSICA
Extensión 112 p. ;
Dimensiones 20 cm.
740 0# - ENTRADA AGREGADA--TÍTULO RELACIONADO/ANALÍTICO NO CONTROLADO
Título relacionado o analítico no controlado Todo amor.
852 ## - LOCALIZACIÓN
Ubicación ES-MaACL
Número de control de estantería D-6125
852 ## - LOCALIZACIÓN
Ubicación ES-MaACL
Número de control de estantería D-5551
Holdings
Estatus retirado Estado de pérdida Estado de daño No para préstamo Biblioteca de origen Biblioteca actual Ubicación en estantería Fecha de adquisición Fuente de adquisición Total de préstamos Signatura topográfica completa Código de barras Visto por última vez Precio de reemplazo Tipo de ítem Koha
        Biblioteca del Ateneo de Madrid Biblioteca del Ateneo de Madrid Sala Valle Inclán 17/01/2008     D-5551 901128832 23/02/2023 23/02/2023 Libro impreso
        Biblioteca del Ateneo de Madrid Biblioteca del Ateneo de Madrid Sala Valle Inclán 17/01/2008     D-6125 901128831 23/02/2023 23/02/2023 Libro impreso